Central Library OPAC University of Rajshahi

The legacy of India / (Record no. 25009)

MARC details
000 -LEADER
fixed length control field 00905nam a22002657a 4500
001 - CONTROL NUMBER
control field 25009
003 - CONTROL NUMBER IDENTIFIER
rucl marc code BD-RjUL
005 - DATE AND TIME OF LATEST TRANSACTION
control field 20211209050822.0
008 - FIXED-LENGTH DATA ELEMENTS--GENERAL INFORMATION
fixed length control field 140316r19671937enkab a 001 0 eng
035 ## - SYSTEM CONTROL NUMBER
System control number (BD-RjUL)25078
040 ## - CATALOGING SOURCE
Original cataloging agency DLC
Transcribing agency DLC
Language of cataloging eng
Modifying agency BD-RjUL
041 ## - LANGUAGE CODE
Language code of text/sound track or separate title eng
082 04 - DEWEY DECIMAL CLASSIFICATION NUMBER
Classification number 954
Author mark and year LEG 1967
245 04 - TITLE STATEMENT
Title The legacy of India /
Statement of responsibility, etc. edited by G.T. Garratt ; with an introduction by the Marquess of Zetland.
260 ## - PUBLICATION, DISTRIBUTION, ETC. (IMPRINT)
Place of publication, distribution, etc. London ;
-- New York :
Name of publisher, distributor, etc. Oxford University Press,
Date of publication, distribution, etc. 1937 [reprinted 1967].
300 ## - PHYSICAL DESCRIPTION
Pagination xviii, 428 p. :
Illustrations ill., map ;
Size 19 cm.
504 ## - BIBLIOGRAPHY, ETC. NOTE
Bibliography, etc Includes index.
520 ## - SUMMARY, ETC.
Summary, etc. Contributed articles.
651 #0 - SUBJECT ADDED ENTRY--GEOGRAPHIC NAME
Geographic name India
General subdivision Civilization.
9 (RLIN) 76924
700 1# - ADDED ENTRY--PERSONAL NAME
Personal name Garratt, G. T.
Fuller form of name (Geoffrey Theodore),
Dates associated with a name 1888-1942.
830 #0 - SERIES ADDED ENTRY--UNIFORM TITLE
Volume number/sequential designation item 10237.
Uniform title SAMP early 20th-century Indian books project ;
942 ## - ADDED ENTRY ELEMENTS (KOHA)
Source of classification or shelving scheme Dewey Decimal Classification
Koha item type Books
Holdings
Lost status Source of classification or shelving scheme Damaged status Not for loan Collection code Permanent Location Current Location Shelving location Date acquired Source of acquisition Total Checkouts Full call number Date last seen Copy number Koha item type Cost, normal purchase price
  Dewey Decimal Classification     Non-fiction Central Library, University of Rajshahi Central Library, University of Rajshahi   15/02/1973 Bratin   954 LEG 1967 16/03/2014 C-10 Books  
  Dewey Decimal Classification     Non-fiction Central Library, University of Rajshahi Central Library, University of Rajshahi   15/02/1973 Britain   954 LEG 1967 16/03/2014 C-9 Books  
  Dewey Decimal Classification     Non-fiction Central Library, University of Rajshahi Central Library, University of Rajshahi   12/02/1973 Bratin   954 LEG 1967 16/03/2014 C-8 Books  
  Dewey Decimal Classification     Non-fiction Central Library, University of Rajshahi Central Library, University of Rajshahi   12/02/1973 Bratin   954 LEG 1967 16/03/2014 C-7 Books  
  Dewey Decimal Classification     Non-fiction Central Library, University of Rajshahi Central Library, University of Rajshahi   09/11/1955 Pak co-operative book society   954 LEG 1951 18/03/2014 C-1 Books 9.00
  Dewey Decimal Classification     Non-fiction Central Library, University of Rajshahi Central Library, University of Rajshahi   31/01/1955 Pak co-operative book society   954 LEG 1951 18/03/2014 C-2 Books 9.00
  Dewey Decimal Classification     Non-fiction Central Library, University of Rajshahi Central Library, University of Rajshahi   27/03/2014     954 LEG 1967 27/03/2014 C-6 Books  
  Dewey Decimal Classification     Non-fiction Central Library, University of Rajshahi Central Library, University of Rajshahi   01/03/1955 U.B.D.   954 LEG 1951 11/03/2017 C-3 Books 0.00